Destinos del Aeropuerto Int. José Joaquín de Olmedo (Guayaquil) - Estadísticas

Estadísticas generales
  • Esta prueba ha sido intentada 13 veces
    3 desde el último reinicio
  • La puntuación promedio es 14 de 18
Estadísticas de respuestas
Aerolíneas Destino % Correcto
Avianca Bogotá
100%
AviancaLATAM Airlines Buenos Aires (EZE)
100%
Copa Airlines Ciudad de Panamá
100%
LATAM Airlines Lima
100%
Air Europa Iberia Madrid
100%
Avianca Medellin
100%
AviancaJetBlue Airways LATAM Airlines Nueva York
100%
Avianca
LATAM Airlines
Quito
100%
Avianca San Jose (CR)
100%
LATAM Airlines Santiago de Chile
100%
KLM Ámsterdam
67%
LATAM Airlines Cuenca
67%
American AirlinesAvianca Miami
67%
Arajet Punta Cana
67%
Avianca San Salvador
67%
Avianca
LATAM Airlines
Baltra
33%
JetBlue AirwaysSpirit Airlines Fort Lauderdale
33%
Avianca
LATAM Airlines
San Cristóbal
33%
No se encontraron pruebas coincidentes
Distribución de puntuación
Porcentaje de gente con cada puntuación
Porcentaje por número respondido
Historial de tus puntuaciones
No has intentado esta prueba desde el último reinicio